| 000 | 00622nam a2200181 a 4500 | ||
|---|---|---|---|
| 001 | 000010818 | ||
| 005 | 20200929162309.0 | ||
| 008 | 091012s1980 dr a 001 0 spa d | ||
| 040 |
_aDO-SdBNP _bspa _cBNPHU |
||
| 082 |
_axxxx _bV632l |
||
| 100 | 1 |
_aVicens, Lucas _926135 |
|
| 245 | 1 | 0 |
_aLucha obrera y burocracia / _cLucas Vicens, Roberto Rodríguez Marchena. |
| 260 |
_aSanto Domingo : _bPoder Popular _bAlfa & Omega, _c1980. |
||
| 300 |
_a170 p. : _bil. ; _c18 cm. |
||
| 500 | _aReivindicaciones y borocracia en el movimieto de los trabajadores cañeros | ||
| 700 | 1 |
_aRodríguez Marchena, Roberto _926136 |
|
| 049 | _aBNPD | ||
| 999 |
_c10567 _d10567 |
||